[Event "Santa Cruz op 4th"]
[Site "Santa Cruz"]
[Date "2024.07.19"]
[Round "4"]
[White "Gareca Ordonez, Carla Angelica"]
[Black "Torrez Taboada, Flor Belen"]
[Result "1-0"]
[WhiteElo "1796"]
[BlackElo "1499"]
[PlyCount "69"]
[EventDate "2024.07.18"]
[EventType "swiss"]
[EventRounds "7"]
[EventCountry "BOL"]
[SourceTitle "EXT 2025"]
[Source "ChessBase"]
[SourceDate "2024.10.14"]
[SourceVersion "1"]
[SourceVersionDate "2024.10.14"]
[SourceQuality "1"]

1. d4 Nf6 2. Bg5 g6 3. Bxf6 exf6 4. e3 Bg7 5. g3 d5 6. Bg2 c6 7. Ne2 0-0 8. h4 Nd7 9. h5 f5 10. Nd2 Nf6 11. hxg6 fxg6 12. Nf4 Ne4 13. Qe2 b6 14. 0-0-0 Qd6 15. Nxe4 dxe4 16. Qc4+ Rf7 17. f3 exf3 18. Bxf3 Bb7 19. Rxh7 Qf6 20. Rdh1 Re8 21. Qb3 Bc8 22. d5 c5 23. Nxg6 Qxg6 24. Bh5 Qxg3 25. Bxf7+ Kxf7 26. Qc3 Rxe3 27. Rxg7+ Qxg7 28. Qxe3 Qf6 29. Rh7+ Kf8 30. Qf4 Kg8 31. Rc7 Ba6 32. Rxa7 Be2 33. Qb8+ Qf8 34. Qh2 f4 35. Qh7# 1-0